Army Veterinary Corps : it's everything you want your career to be.

Bibliographic Details
Corporate Author: United States. Army. Veterinary Corps
Format: Government Document Book
Language:English
Published: [Washington, D.C.?] : [Dept. of the Army], [1998]
Subjects:

MARC

Tag First Indicator Second Indicator Subfields
LEADER 00000cam a2200000 a 4500
001 in00000003847
005 20151007051244.0
008 990727s1998 dcua f000 0 eng d
035 |a (OCoLC)41962897 
035 |9 AJH5255AM 
040 |d GPO  |d DLC  |d MvI  |d UtOrBLW 
043 |a n-us--- 
049 |a UMIC 
074 |a 0323-A 
086 0 |a D 101.43/2:524/998 
088 |a RPI 524 
245 0 0 |a Army Veterinary Corps :  |b it's everything you want your career to be. 
264 1 |a [Washington, D.C.?] :  |b [Dept. of the Army],  |c [1998] 
300 |a 12 unnumbered pages :  |b color illustrations ;  |c 28 cm. 
336 |a text  |b txt  |2 rdacontent 
337 |a unmediated  |b n  |2 rdamedia 
338 |a volume  |b nc  |2 rdacarrier 
500 |a Cover title. 
500 |a Shipping list number: 99-0245-P. 
500 |a "October 1998"--P. [4] of cover. 
500 |a Shipping List #: 99-0245-P 
500 |a Shipping List Date: 05/24/99 
610 1 0 |a United States.  |b Army.  |b Veterinary Corps. 
650 0 |a Veterinary service, Military  |z United States. 
650 0 |a Veterinary medicine  |z United States. 
710 1 |a United States.  |b Army.  |b Veterinary Corps. 
999 |a MARS 
999 f f |s 511edd85-05bf-3141-af63-3335fe6605ca  |i 2a5d1827-fec5-35d7-be4e-a2fd36e12ec2  |t 0 
952 f f |p normal  |a Texas A&M University  |b College Station  |c Sterling C. Evans Library  |d Evans: US Documents (Annex 5th floor)  |t 0  |e D 101.43/2:524/998  |h Superintendent of Documents classification  |i unmediated -- volume  |m A14824508970 
998 f f |a D 101.43/2:524/998  |t 0  |l Evans: US Documents (Annex 5th floor)